An introduction to discourses of purity in transcultural perspective

Saved in:
Bibliographic Details
Main Author: Jaspert, Nikolas (Author)
Format: Chapter/Article
Language:German
Published: 2015
In: Discourses of purity in transcultural perspective (300-1600)
Year: 2015, Pages: [1]-20
Online Access: Get full text
Author Notes:Nikolas Jaspert

MARC

LEADER 00000caa a2200000 c 4500
001 1697937713
003 DE-627
005 20231204143451.0
007 cr uuu---uuuuu
008 200512s2015 xx |||||o 00| ||ger c
035 |a (DE-627)1697937713 
035 |a (DE-599)KXP1697937713 
035 |a (OCoLC)1341319526 
040 |a DE-627  |b ger  |c DE-627  |e rda 
041 |a ger 
084 |a 63  |2 sdnb 
100 1 |a Jaspert, Nikolas  |d 1962-  |e VerfasserIn  |0 (DE-588)124542115  |0 (DE-627)363409475  |0 (DE-576)176618031  |4 aut 
245 1 3 |a An introduction to discourses of purity in transcultural perspective  |c Nikolas Jaspert 
264 1 |c 2015 
300 |a 20 
336 |a Text  |b txt  |2 rdacontent 
337 |a Computermedien  |b c  |2 rdamedia 
338 |a Online-Ressource  |b cr  |2 rdacarrier 
773 0 8 |i Enthalten in  |t Discourses of purity in transcultural perspective (300-1600)  |d Boston : Brill, 2015  |g (2015), Seite [1]-20  |h Online Ressource  |w (DE-627)826434967  |w (DE-576)493162526  |z 9789004289758  |z 9004289755  |7 nnam  |a An introduction to discourses of purity in transcultural perspective 
773 1 8 |g year:2015  |g pages:[1]-20  |g extent:20  |a An introduction to discourses of purity in transcultural perspective 
776 0 8 |i Erscheint auch als  |n Druck-Ausgabe  |a Jaspert, Nikolas, 1962 -   |t An introduction to discourses of purity in transcultural perspective  |d 2015  |w (DE-627)1512253197  |w (DE-576)442253192 
951 |a AR 
992 |a 20200512 
993 |a BookComponentPart 
994 |a 2015 
998 |g 124542115  |a Jaspert, Nikolas  |m 124542115:Jaspert, Nikolas  |d 70000  |d 72000  |d 72020  |e 70000PJ124542115  |e 72000PJ124542115  |e 72020PJ124542115  |k 0/70000/  |k 1/70000/72000/  |k 2/70000/72000/72020/  |p 1  |x j  |y j 
999 |a KXP-PPN1697937713  |e 3664816609 
BIB |a Y 
JSO |a {"id":{"eki":["1697937713"]},"language":["ger"],"name":{"displayForm":["Nikolas Jaspert"]},"physDesc":[{"extent":"20 S."}],"type":{"media":"Online-Ressource","bibl":"chapter"},"person":[{"given":"Nikolas","family":"Jaspert","display":"Jaspert, Nikolas","role":"aut"}],"origin":[{"dateIssuedDisp":"2015","dateIssuedKey":"2015"}],"recId":"1697937713","title":[{"title_sort":"introduction to discourses of purity in transcultural perspective","title":"An introduction to discourses of purity in transcultural perspective"}],"relHost":[{"note":["Includes bibliographical references and index. - Description based on print version record"],"origin":[{"dateIssuedDisp":"[2015]","publisherPlace":"Boston","dateIssuedKey":"2015","publisher":"Brill"}],"relMultPart":[{"title":[{"title_sort":"Dynamics in the history of religions","title":"Dynamics in the history of religions"}],"recId":"1014474418","pubHistory":["Volume 1-"],"origin":[{"dateIssuedKey":"2011","publisher":"Brill","dateIssuedDisp":"2011-","publisherPlace":"Leiden ; Boston"}],"dispAlt":"Dynamics in the history of religions","disp":"Dynamics in the history of religions","physDesc":[{"extent":"Online-Ressource"}],"type":{"media":"Online-Ressource","bibl":"serial"},"part":{"number_sort":["7"],"number":["VOLUME 7"]},"id":{"eki":["1014474418"],"zdb":["2920763-0"]},"language":["eng"]}],"part":{"extent":"20","year":"2015","text":"(2015), Seite [1]-20","pages":"[1]-20"},"id":{"eki":["826434967"],"isbn":["9789004289758","9004289755","9789004289741","9004289747"]},"language":["eng"],"name":{"displayForm":["edited by Matthias Bley, Nikolas Jaspert, Stefan Kock"]},"person":[{"family":"Bley","given":"Matthias","display":"Bley, Matthias","role":"edt"},{"role":"edt","family":"Jaspert","given":"Nikolas","display":"Jaspert, Nikolas"},{"given":"Stefan","family":"Köck","display":"Köck, Stefan","role":"edt"}],"disp":"An introduction to discourses of purity in transcultural perspectiveDiscourses of purity in transcultural perspective (300-1600)","type":{"media":"Online-Ressource","bibl":"edited-book"},"title":[{"title_sort":"Discourses of purity in transcultural perspective (300-1600)","title":"Discourses of purity in transcultural perspective (300-1600)"}],"recId":"826434967","physDesc":[{"extent":"Online Ressource"}]}]} 
SRT |a JASPERTNIKINTRODUCTI2015